Chemická výroba pre 4. ročník gymnázia

Bibliographic Details
Main Authors: Betina, Vladimír, 1930-2006 (Author), Benčať, František, 1929-2010 (Author), Chmúrny, Daniel, 1926-1998 (Author), Karas, Gabriel, 1934- (Author), Kováč, Štefan, 1928-2013 (Author), Vojtko, Ján, 1940- (Author)
Format: Book
Language:Slovak
PhysicalDescription:132 s. fotogr., sch., tab. 29 cm
Published: Bratislava Alfa 1980
Edition:2. vyd.
Subjects:

MARC

LEADER 00000cam a2200000 a 4500
001 vtls001110001
003 SK-MaSNL
005 20260301153535.0
008 250313s1980 xo ao n 000 0 slo
015 |a SNBA1980 
035 |a SNK000052843 
035 |a urn:nbn:sk:snk-amkeg9 
035 |a urn:nbn:sk:snk-am008bjz 
035 |a 3E00E90A-CD64-45DD-8E4D-E2F30C5A8B0C 
040 |a SNK  |b slo  |c SNK  |e AACR2 
041 0 |a slo 
044 |a xo  |c SK 
080 |a 66.0(075.3)  |2 1981 
245 0 0 |a Chemická výroba pre 4. ročník gymnázia  |c Vladimír Betina ... [et al.] 
250 |a 2. vyd. 
260 |a Bratislava  |b Alfa  |c 1980 
300 |a 132 s.  |b fotogr., sch., tab.  |c 29 cm 
366 |e 2500 výt. 
504 |a Bibliogr. 
650 0 7 |a chemická technológia  |2 SNKPH  |9 65015 
655 7 |a učebnice stredných škôl  |2 SNKPH  |9 69323 
700 1 |a Betina, Vladimír,  |d 1930-2006  |4 aut  |9 163330 
700 1 |a Benčať, František,  |d 1929-2010  |4 aut  |9 101234 
700 1 |a Chmúrny, Daniel,  |d 1926-1998  |4 aut  |9 37291 
700 1 |a Karas, Gabriel,  |d 1934-  |4 aut  |9 60812 
700 1 |a Kováč, Štefan,  |d 1928-2013  |4 aut  |9 157641 
700 1 |a Vojtko, Ján,  |d 1940-  |4 aut  |9 213458 
852 |a Slovenská národná knižnica 
958 |a OND 
958 |a NB 
999 |c 793413  |d 795343 
952 |a SNK  |b SNK  |y PREZ  |7 0  |p 17A0998843  |o snkSB 30725  |i snkKSP 7374/80  |0 0  |1 0  |4 0  |d 2014-11-05  |f 1  |l 0  |r 2025-04-04 00:00:00  |w 2026-02-24 
952 |a SNK  |b SNK  |y VYP  |7 0  |o snkSB 30725 D1  |i snkKSP 7375/80  |0 0  |1 0  |4 0  |d 2014-11-05  |l 0  |r 2026-02-24 01:44:59  |w 2026-02-24